000 00755cam a2200253 i 4500
999 _c4904
_d4904
001 3667325
003 GBCCL
005 20241126110529.0
008 770714s1977 ncu 000 0 eng
010 _a 77070210
020 _c$1.75
040 _aDLC
_cDLC
_dDLC
050 0 0 _aBS647.2
_b.C72 1977c
082 0 0 _a236
_bCRI
100 1 _aCribb, C. C.
_93960
240 1 0 _aFrom now till eternity.
_kSelections
245 1 0 _aMan's Earth-lease is about to expire /
_cC. C. Cribb.
260 _aRaleigh, N.C. :
_bManhattan, ltd.,
_cc1977.
300 _a127 p. ;
_c18 cm.
500 _aSelections from the author's From now till eternity.
630 0 0 _aBible
_xProphecies.
_9457
906 _a7
_bcbc
_corignew
_d2
_eopcn
_f19
_gy-gencatlg
942 _2ddc
_cBK
_01